| 000 | 00647nam a2200229 a 4500 | ||
|---|---|---|---|
| 001 | 13671 | ||
| 003 | BD-JhCC | ||
| 005 | 20240313195800.0 | ||
| 008 | 240313b 2017u |||| ||a| 000 0 eng d | ||
| 020 | _a9781101983966 | ||
| 035 | _a(BD-JhCC)13671 | ||
| 040 |
_aBD-JhCC _dBD-JhCC |
||
| 041 | _aeng | ||
| 082 |
_a128.7 _b FUE 2017 |
||
| 100 | _a Fuentes, Agustin | ||
| 245 |
_aThe creative spark : how imagination made humans exceptional / _bAgustin Fuentes |
||
| 260 |
_aNew York: _bDutton; _c2017. |
||
| 300 |
_a417 p. : _c22 cm. |
||
| 650 |
_aAnthropologie philosophique _vBehavior _xComportement humain |
||
| 942 |
_2ddc _cBK |
||
| 999 |
_c13671 _d13671 |
||